000 00915nam a22002057a 4500
005 20241009135654.0
008 241009b ||||| |||| 00| 0 eng d
040 _cSSBUL
041 _aMyanmar
082 _223
_a၂၉၄.၃၅ စေ
_b၉၁၇၆ S-SAT
100 0 _aစေတနာလှိုင်၊ ရေစကြို။
_917334
245 1 _aဥပုသ်သည်နှင့်သိမှတ်ဖွယ် /
_bစေတနာလှိုင် ရေစကြို။
250 _aတတိယအကြိမ်။
260 _aရန်ကုန် ၊
_bရန်အာင်စာပေ၊
_c၂၀၁၂။
300 _a၁၅၉ စာမျက်နှာ ၊
_c၂၁ စင်တီ။
500 _aS-SAT: Dr. Sai Aung Tun
650 _aဗုဒ္ဓဘာသာ
_xသီလ
_954853
650 _aဗုဒ္ဓဘာသာ
_xကျင့်ဝတ်
_97242
942 _2ddc
_cBK1
999 _c40954
_d40954